[Event "Malaga op-13"]
[Site "Malaga"]
[Date "2010.02.24"]
[Round "6.14"]
[White "Spence, David J"]
[Black "Guadamuro Torrente, Anabel"]
[Result "1-0"]
[WhiteElo "2268"]
[BlackElo "2118"]
[PlyCount "111"]
[EventDate "2010.02.20"]

1. e4 e5 2. Nf3 Nc6 3. Bb5 Nf6 4. Qe2 a6 5. Ba4 Bc5 6. c3 b5 7. Bb3 O-O 8. d3
h6 9. O-O Re8 10. Be3 Bf8 11. Nbd2 Na5 12. Bc2 c5 13. Rfd1 Qc7 14. Rac1 Bb7 15.
Nf1 d5 16. Ng3 dxe4 17. dxe4 Nc4 18. b3 Na3 19. Nd2 Nxc2 20. Rxc2 Rad8 21. f3
Rd7 22. c4 Red8 23. cxb5 Qa5 24. Rdc1 axb5 25. Ndf1 b4 26. Bxc5 Ba6 27. Qf2 Bd3
28. Bb6 Qb5 29. Bxd8 Bxc2 30. Bb6 Bd3 31. Rc8 Bxf1 32. Nxf1 Rd1 33. Bc5 Nd7 34.
Bxf8 Nxf8 35. Rc2 Ne6 36. Rd2 Ra1 37. g3 Nd4 38. Kg2 Qc6 39. Ne3 Qc3 40. Rd1
Rxd1 41. Nxd1 Qc1 42. Ne3 f6 43. Nd5 Nc2 44. Ne7+ Kh7 45. Nf5 Ne1+ 46. Kh3 Nd3
47. Qa7 Qg5 48. Qf7 Nf2+ 49. Kg2 Nd1 50. Kh1 Nf2+ 51. Kg1 Nh3+ 52. Kf1 h5 53.
Ne7 Kh6 54. Qf8 Qc1+ 55. Kg2 Nf4+ 56. gxf4 1-0

[Event "Malaga op-13"]
[Site "Malaga"]
[Date "2010.02.24"]
[Round "6.15"]
[White "Lara Granero, Bio"]
[Black "Gavilan Diaz, Mario"]
[Result "0-1"]
[WhiteElo "2026"]
[BlackElo "2278"]
[PlyCount "66"]
[EventDate "2010.02.20"]

1. e4 e6 2. d4 d5 3. exd5 exd5 4. Nf3 Bd6 5. Bd3 Ne7 6. O-O O-O 7. h3 Bf5 8.
Nc3 Bxd3 9. Qxd3 c6 10. Ne2 Ng6 11. Qf5 Re8 12. Nf4 Nd7 13. Nh5 Ndf8 14. Bg5
Qd7 15. g4 Re4 16. Bf6 Qxf5 17. gxf5 Nf4 18. Nxg7 Nd7 19. Bh4 Kxg7 20. Kh1 f6
21. Bg3 Rae8 22. Rg1 Kf7 23. h4 Bb8 24. c3 Ne2 25. Rg2 Nxg3+ 26. fxg3 h5 27.
Rag1 Re3 28. Nd2 Re2 29. Rxe2 Rxe2 30. Rg2 Rxg2 31. Kxg2 Nb6 32. b3 Nc8 33. c4
Nd6 0-1

[Event "Malaga op-13"]
[Site "Malaga"]
[Date "2010.02.24"]
[Round "6.16"]
[White "Claros Egea, Cristian"]
[Black "James, David"]
[Result "1/2-1/2"]
[WhiteElo "2271"]
[BlackElo "2110"]
[PlyCount "72"]
[EventDate "2010.02.20"]

1. e4 c5 2. Nf3 d6 3. d4 cxd4 4. Nxd4 Nf6 5. Nc3 a6 6. Bg5 e6 7. f4 Nbd7 8. Qf3
Qc7 9. O-O-O b5 10. Bd3 Bb7 11. Rhe1 Qb6 12. Nd5 Qxd4 13. Bxf6 gxf6 14. Bxb5
Qc5 15. b4 Qxb5 16. Nc7+ Ke7 17. Nxb5 axb5 18. Qd3 Ra6 19. e5 fxe5 20. fxe5 d5
21. Qg3 h6 22. Rf1 Bc6 23. Rd4 Rh7 24. Qh4+ Ke8 25. Qh5 Ra7 26. Rdf4 Nb6 27.
Rf6 Re7 28. g4 Nc4 29. g5 Nxe5 30. gxh6 Nd7 31. Rxf7 Rexf7 32. Rxf7 Rxf7 33. h7
Bg7 34. Qg6 Nf8 35. Qxg7 Rxg7 36. h8=Q Rh7 1/2-1/2

[Event "Malaga op-13"]
[Site "Malaga"]
[Date "2010.02.24"]
[Round "6.17"]
[White "Perera Borrego, Mariela"]
[Black "Picazo Lopez, Juan Antonio"]
[Result "0-1"]
[WhiteElo "2065"]
[BlackElo "2269"]
[PlyCount "56"]
[EventDate "2010.02.20"]

1. d4 d5 2. Nf3 Nf6 3. c4 dxc4 4. e3 a6 5. Bxc4 e6 6. O-O Be7 7. Be2 O-O 8.
Nbd2 c5 9. dxc5 Nbd7 10. a3 Nxc5 11. Qc2 b5 12. b4 Na4 13. Nd4 Bb7 14. N2b3 Rc8
15. Qd3 Be4 16. Qd2 e5 17. Nf3 Qc7 18. Bb2 Rfd8 19. Rac1 Rxd2 20. Rxc7 Rxc7 21.
Bxe5 Rxe2 22. Bxc7 Bxf3 23. gxf3 Ra2 24. Nd4 Nd5 25. Bb8 Rxa3 26. Nc6 Bf6 27.
Ne5 Bxe5 28. Bxe5 Nxb4 0-1

[Event "Malaga op-13"]
[Site "Malaga"]
[Date "2010.02.24"]
[Round "6.18"]
[White "Jimenez Martinez, Jose Vicente"]
[Black "Garzon Rodriguez, Jose Manuel"]
[Result "1-0"]
[WhiteElo "2241"]
[BlackElo "1909"]
[PlyCount "95"]
[EventDate "2010.02.20"]

1. d4 d5 2. c4 e6 3. Nf3 Nd7 4. Nc3 c6 5. Bf4 Ngf6 6. e3 Be7 7. h3 O-O 8. a3
dxc4 9. Bxc4 b5 10. Ba2 b4 11. axb4 Ba6 12. Bxe6 Qb6 13. Bxd7 Nxd7 14. Qa4 Bc4
15. Nd2 Bd3 16. b5 cxb5 17. Qb3 Nf6 18. Nd1 Bf5 19. O-O Rfc8 20. Nc3 Bd3 21.
Rfc1 a5 22. Be5 Qe6 23. Bxf6 Qxb3 24. Nxb3 gxf6 25. Nd5 Bd8 26. Nc5 Bc4 27. Nc3
a4 28. N3xa4 Be7 29. Nb6 Rxa1 30. Rxa1 Rc6 31. Nxc4 bxc4 32. Rc1 Rb6 33. Rc2
Rb4 34. Ne4 f5 35. Nd2 f4 36. Nxc4 fxe3 37. fxe3 f5 38. Kf2 Rb3 39. Kf3 Bg5 40.
g3 h5 41. Rc3 Rb8 42. b3 Kf7 43. Ne5+ Ke6 44. Rc6+ Kd5 45. Rg6 Be7 46. Nc6 Rb7
47. Nxe7+ Rxe7 48. Rf6 1-0

[Event "Malaga op-13"]
[Site "Malaga"]
[Date "2010.02.24"]
[Round "6.19"]
[White "Aranaz Murillo, Amalia"]
[Black "Ruiz Gutierrez, Manuel"]
[Result "1/2-1/2"]
[WhiteElo "2057"]
[BlackElo "2226"]
[PlyCount "79"]
[EventDate "2010.02.20"]

1. Nf3 Nf6 2. c4 e6 3. g3 d5 4. d4 a6 5. Qc2 dxc4 6. Qxc4 b5 7. Qc2 Bb7 8. Bg2
Nbd7 9. O-O c5 10. Be3 Rc8 11. Qd1 Be7 12. Nbd2 Nd5 13. Rc1 Nxe3 14. fxe3 O-O
15. Nb3 Qb6 16. Kh1 a5 17. Qe1 a4 18. Nbd2 Bf6 19. Qf2 h6 20. b3 axb3 21. axb3
Rc7 22. Rc2 cxd4 23. Rxc7 Qxc7 24. exd4 Qc2 25. e4 Nb8 26. Qe3 b4 27. h3 Nc6
28. Nc4 Qc3 29. Rd1 Qxe3 30. Nxe3 Na5 31. d5 exd5 32. Nxd5 Bxd5 33. exd5 Nxb3
34. Rb1 Nd4 {=} 35. Nxd4 Bxd4 36. Rxb4 Be5 37. Rb3 Rb8 38. Rd3 Bd6 39. Be4 Rb4
40. Bg2 {=} 1/2-1/2

[Event "Malaga op-13"]
[Site "Malaga"]
[Date "2010.02.24"]
[Round "6.20"]
[White "Ortega Valle, Jose Ramon"]
[Black "Nava Baro, Enrique"]
[Result "0-1"]
[WhiteElo "2054"]
[BlackElo "2208"]
[PlyCount "60"]
[EventDate "2010.02.20"]

1. c4 e6 2. g3 d5 3. Bg2 Nf6 4. d4 dxc4 5. e4 Nc6 6. Ne2 e5 7. d5 Nb4 8. O-O c6
9. a3 Nd3 10. dxc6 bxc6 11. Qa4 Nc5 12. Qc2 Qd3 13. Qxd3 cxd3 14. Nec3 Nb3 15.
Ra2 Be6 16. Be3 Ng4 17. Rd1 Nxe3 18. fxe3 Rd8 19. a4 Bc5 20. Kf2 Na5 21. b4
Bxb4 22. Rb2 Bc5 23. Nd2 O-O 24. Nf1 Bb3 25. Ra1 Rb8 26. Nd2 Bc2 27. Raa2 Rxb2
28. Rxb2 Ba3 29. Ra2 Bc1 30. Nf1 Bb3 0-1

[Event "Malaga op-13"]
[Site "Malaga"]
[Date "2010.02.24"]
[Round "6.21"]
[White "Garcia Albarracin, Jose Antonio"]
[Black "Charleshouse, Glenn L"]
[Result "0-1"]
[WhiteElo "2006"]
[BlackElo "2203"]
[PlyCount "84"]
[EventDate "2010.02.20"]

1. e4 c5 2. Nf3 e6 3. b3 b6 4. Bb2 Bb7 5. d3 a6 6. Nbd2 d6 7. g3 Nf6 8. Bg2 Be7
9. O-O O-O 10. Re1 Nbd7 11. h3 Qc7 12. c4 Ne5 13. Qe2 Rfe8 14. d4 Nxf3+ 15.
Bxf3 cxd4 16. Bxd4 Nd7 17. Rac1 Rac8 18. Bg2 Bf8 19. Bb2 Qb8 20. h4 Bc6 21. Nf3
e5 22. Bh3 Rcd8 23. h5 Nf6 24. Nd2 Qb7 25. g4 h6 26. f4 Nh7 27. g5 hxg5 28.
fxg5 Nxg5 29. Bf5 Be7 30. Rf1 b5 31. c5 d5 32. Bxe5 dxe4 33. Bf4 Bf6 34. Qg4 e3
35. Bxg5 Rxd2 36. Rc2 Rxc2 37. Bxc2 Bxg5 38. Qxg5 e2 39. Re1 Qd7 40. h6 Qd4+
41. Kh2 g6 42. Bxg6 Qf2+ 0-1

[Event "Malaga op-13"]
[Site "Malaga"]
[Date "2010.02.24"]
[Round "6.22"]
[White "Anaya Lopez, Victor Jose"]
[Black "Jurado Vazquez, Javier"]
[Result "1-0"]
[WhiteElo "2157"]
[BlackElo "1850"]
[PlyCount "75"]
[EventDate "2010.02.20"]

1. e4 d5 2. exd5 Qxd5 3. Nc3 Qa5 4. Bc4 Nf6 5. d3 c6 6. Bd2 Bf5 7. h3 h5 8. Qe2
e6 9. Nf3 Nbd7 10. O-O-O O-O-O 11. Rhe1 Qc7 12. Ng5 Nb6 13. Bb3 Bd6 14. Qf3 Bg6
15. Nce4 Nxe4 16. dxe4 h4 17. Qe3 Be5 18. Nf3 Bf6 19. a4 Kb8 20. Bb4 Rxd1+ 21.
Rxd1 Rd8 22. Rxd8+ Bxd8 23. Bc3 Nd7 24. Bxg7 e5 25. Bh6 Qa5 26. Bg5 Bxg5 27.
Nxg5 Nc5 28. Bxf7 Bxf7 29. Nxf7 Nxa4 30. b3 Nc3 31. Qd3 Qa1+ 32. Kd2 Nb1+ 33.
Ke3 a6 34. Qd6+ Ka8 35. Qxe5 Qa2 36. Kd3 Qa3 37. Qg5 Qb4 38. Qd8+ 1-0

[Event "Malaga op-13"]
[Site "Malaga"]
[Date "2010.02.24"]
[Round "6.23"]
[White "Garcia Roman, Jose Luis"]
[Black "Garcia Rodriguez, Victor"]
[Result "0-1"]
[WhiteElo "2003"]
[BlackElo "2137"]
[PlyCount "54"]
[EventDate "2010.02.20"]

1. b4 a5 2. b5 c6 3. a4 d5 4. Bb2 Nd7 5. e3 e5 6. c4 Ngf6 7. Nf3 e4 8. bxc6
bxc6 9. Nd4 Bc5 10. Qc2 Bxd4 11. Bxd4 O-O 12. Nc3 Re8 13. cxd5 Nxd5 14. Nxe4
Nb4 15. Qb1 Nf8 16. Bc3 Bf5 17. f3 Nd5 18. Bd3 Nxc3 19. dxc3 Rb8 20. Qc2 Bxe4
21. Bxe4 f5 22. Bxf5 Rxe3+ 23. Kf1 Qf6 24. Rc1 Rbe8 25. h4 Re2 26. Qd3 Qf7 27.
Qb1 Qa7 0-1

[Event "Malaga op-13"]
[Site "Malaga"]
[Date "2010.02.24"]
[Round "6.24"]
[White "Escofet Llongueras, Joan"]
[Black "Ramos Moreno, Francisco Jose"]
[Result "0-1"]
[WhiteElo "1868"]
[BlackElo "2132"]
[PlyCount "48"]
[EventDate "2010.02.20"]

1. c4 b6 2. Nc3 Bb7 3. d4 e6 4. e4 Bb4 5. f3 Bxc3+ 6. bxc3 Qh4+ 7. g3 Qh5 8.
Bg2 f5 9. exf5 Qxf5 10. Nh3 Ne7 11. O-O O-O 12. f4 Bxg2 13. Kxg2 Nbc6 14. Nf2
Na5 15. Qe2 Rae8 16. Bd2 Nc8 17. Ne4 Nxc4 18. Qxc4 Qxe4+ 19. Rf3 Qb7 20. Raf1
Nd6 21. Qa4 Rf7 22. c4 Nf5 23. c5 Qd5 24. cxb6 axb6 0-1

[Event "Malaga op-13"]
[Site "Malaga"]
[Date "2010.02.24"]
[Round "6.27"]
[White "Cisnero Alvarez, Juan Jose"]
[Black "Ramos Cantos, Juan Jesus"]
[Result "0-1"]
[WhiteElo "2110"]
[BlackElo "1921"]
[PlyCount "84"]
[EventDate "2010.02.20"]

1. c4 e5 2. g3 Nf6 3. Bg2 Bc5 4. Nc3 O-O 5. e3 Nc6 6. Nge2 Re8 7. d3 a5 8. O-O
d6 9. a3 Bd7 10. Rb1 Qc8 11. d4 exd4 12. exd4 Bb6 13. Bg5 Bf5 14. Rc1 Ne4 15.
Be3 Qd7 16. Nd5 Ba7 17. f3 Nf6 18. Nxf6+ gxf6 19. Rc3 Re7 20. Qd2 Rae8 21. Kh1
a4 22. h4 Bh3 23. Nf4 Bxg2+ 24. Kxg2 Na5 25. Nd5 Re6 26. Bf2 c6 27. Nf4 Nb3 28.
Rxb3 axb3 29. d5 Re3 30. dxc6 bxc6 31. g4 R3e5 32. Qd3 Bxf2 33. Rxf2 d5 34.
cxd5 cxd5 35. Rd2 Rd8 36. Qd4 Qd6 37. Kf2 Re4 38. Qxd5 Qb6+ 39. Kg2 Rxd5 40.
Nxd5 Rd4 41. Nxb6 Rxd2+ 42. Kg3 Rxb2 0-1

[Event "Malaga op-13"]
[Site "Malaga"]
[Date "2010.02.24"]
[Round "6.28"]
[White "Ortega Gonzalez, Jose Luis"]
[Black "Penalonga Sweers, Angel"]
[Result "1/2-1/2"]
[WhiteElo "1905"]
[BlackElo "2082"]
[PlyCount "76"]
[EventDate "2010.02.20"]

1. e4 c5 2. Nf3 Nc6 3. d4 cxd4 4. Nxd4 Nf6 5. Nc3 e5 6. Nxc6 bxc6 7. Bc4 Rb8 8.
a3 Bc5 9. O-O h6 10. Qf3 O-O 11. Qg3 d5 12. exd5 cxd5 13. Nxd5 Nxd5 14. Bxh6
Qf6 15. Bg5 Qf5 16. Bxd5 Ba6 17. c4 Bd4 18. Qh4 Qh7 19. Qxh7+ Kxh7 20. b4 Bxa1
21. Rxa1 Bb7 22. Be7 Bxd5 23. Bxf8 Bxc4 24. Bd6 Re8 25. Rc1 Bb3 26. f3 Re6 27.
Bc5 a6 28. Kf2 f5 29. Rc3 Ba4 30. Rd3 Kg6 31. Rd8 Kf7 32. Ra8 Bb5 33. Ra7+ Kf6
34. Bf8 g5 35. g3 f4 36. h4 fxg3+ 37. Kxg3 gxh4+ 38. Kxh4 e4 1/2-1/2

[Event "Malaga op-13"]
[Site "Malaga"]
[Date "2010.02.24"]
[Round "6.29"]
[White "Ladron De Guevara Pinto, Paolo"]
[Black "Nieto Asencio, Maria Del Carmen"]
[Result "1-0"]
[WhiteElo "2079"]
[BlackElo "1900"]
[PlyCount "77"]
[EventDate "2010.02.20"]

1. e4 c5 2. Nf3 g6 3. d4 cxd4 4. Nxd4 Nc6 5. Nc3 Bg7 6. Be3 Nf6 7. Bc4 Qa5 8.
O-O O-O 9. Bb3 d6 10. f3 Bd7 11. Qd2 Rfc8 12. Nxc6 Bxc6 13. Rad1 b5 14. Bd4 Nd7
15. Nd5 Bxd4+ 16. Qxd4 Bxd5 17. Qxd5 Rf8 18. Qg5 Qb6+ 19. Kh1 Nf6 20. Rfe1 Rac8
21. e5 Rc5 22. f4 dxe5 23. fxe5 Qc7 24. Qg3 Nh5 25. Qe3 e6 26. Rd4 Ng7 27. g4
a5 28. c3 a4 29. Bd1 a3 30. bxa3 Rxc3 31. Rd3 Rxd3 32. Qxd3 Qa5 33. Rf1 Qa8+
34. Bf3 Qb8 35. Qe3 Rc8 36. Rb1 Ne8 37. a4 b4 38. a3 Rc3 39. Qxc3 1-0

[Event "Malaga op-13"]
[Site "Malaga"]
[Date "2010.02.24"]
[Round "6.30"]
[White "Martin Carmona, Gaston"]
[Black "Fomani, Mehdi"]
[Result "0-1"]
[WhiteElo "1887"]
[BlackElo "2029"]
[PlyCount "130"]
[EventDate "2010.02.20"]

1. e4 c6 2. d4 d5 3. Nc3 dxe4 4. Nxe4 h6 5. Bf4 Bf5 6. Ng3 Bg6 7. Bc4 e6 8. Nf3
Nd7 9. Bd3 Bxd3 10. Qxd3 Ngf6 11. O-O-O Nd5 12. Bd2 Qc7 13. Rhe1 Be7 14. Nh5
Rg8 15. c4 N5f6 16. Bf4 Qa5 17. Nxf6+ Bxf6 18. Kb1 O-O-O 19. a3 Rge8 20. Bd6
Qf5 21. d5 Qxd3+ 22. Rxd3 exd5 23. Rxe8 Rxe8 24. c5 Re2 25. Rd2 Rxd2 26. Nxd2
Bd4 27. b4 Bxf2 28. Kc2 f6 29. Kd3 b6 30. Ke2 Bd4 31. cxb6 axb6 32. Nf3 Bb2 33.
a4 g5 34. h4 c5 35. bxc5 bxc5 36. hxg5 hxg5 37. Nh2 Be5 38. Bxe5 Nxe5 39. Nf1
Kb7 40. Ne3 Kc6 41. a5 d4 42. Nf5 Kb5 43. Nd6+ Kxa5 44. Ne4 Nd7 45. Kd3 Kb5 46.
g3 g4 47. Kc2 Kc4 48. Nd6+ Kd5 49. Nf5 Ke4 50. Nh6 Ne5 51. Kd2 c4 52. Kc2 f5
53. Kd2 f4 54. gxf4 Kxf4 55. Ng8 g3 56. Nf6 g2 57. Nh5+ Kf3 58. Ng7 g1=Q 59.
Nf5 Qg5+ 60. Kc2 Qxf5+ 61. Kb2 c3+ 62. Kb3 Qb1+ 63. Ka4 Qb6 64. Ka3 Qb5 65. Ka2
Qb2# 0-1

[Event "Malaga op-13"]
[Site "Malaga"]
[Date "2010.02.24"]
[Round "6.31"]
[White "Corrales Ibanez, Pedro Luis"]
[Black "Anaya Lopez, Gonzalo Javier"]
[Result "0-1"]
[WhiteElo "2016"]
[BlackElo "1872"]
[PlyCount "79"]
[EventDate "2010.02.20"]

1. d4 Nf6 2. f3 d5 3. e4 dxe4 4. Nc3 exf3 5. Nxf3 Bf5 6. Bc4 e6 7. O-O Nc6 8.
Be3 Na5 9. Bb5+ c6 10. Bd3 Bxd3 11. Qxd3 Bd6 12. a3 b6 13. b4 Nb7 14. Ne4 Nxe4
15. Qxe4 Qc7 16. Ng5 Bxh2+ 17. Kh1 Nd8 18. Nxf7 Nxf7 19. Qxe6+ Kf8 20. Qh3 Bd6
21. Rf2 Re8 22. Raf1 Re7 23. Bg5 Rd7 24. Qe6 h6 25. Rxf7+ Rxf7 26. Rxf7+ Qxf7
27. Qxd6+ Kg8 28. Be3 Qh5+ 29. Kg1 Qd1+ 30. Kh2 Qxc2 31. Bf4 Kh7 32. Be5 Qg6
33. Qe7 Re8 34. Qxa7 Rf8 35. Kg1 Rf5 36. Qd7 c5 37. Bxg7 Rf7 38. Qd5 Rxg7 39.
dxc5 bxc5 40. b5 0-1

[Event "Malaga op-13"]
[Site "Malaga"]
[Date "2010.02.24"]
[Round "6.34"]
[White "Moreno Alberti, Manuel Maria"]
[Black "Charro Calvo, Jesus"]
[Result "0-1"]
[WhiteElo "1971"]
[BlackElo "1729"]
[PlyCount "68"]
[EventDate "2010.02.20"]

1. e4 e5 2. Nf3 Nc6 3. Bb5 a6 4. Ba4 Nf6 5. O-O Be7 6. Re1 b5 7. Bb3 d6 8. c3
Bg4 9. h3 Bh5 10. d3 Na5 11. Bc2 c5 12. Nbd2 Nc6 13. Nf1 b4 14. g4 Bg6 15. Ng3
h5 16. g5 Nd7 17. h4 f6 18. Bb3 fxg5 19. Nxg5 Bxg5 20. Bxg5 Nf6 21. Bd5 Qd7 22.
d4 bxc3 23. bxc3 cxd4 24. cxd4 Rc8 25. Rc1 Nxd4 26. Rxc8+ Qxc8 27. Be3 Nxd5 28.
exd5 Bc2 29. Qc1 Nf3+ 30. Kg2 Nxe1+ 31. Qxe1 O-O 32. Bg5 Qc4 33. Nxh5 Qxd5+ 34.
Kg1 Rb8 0-1

[Event "Malaga op-13"]
[Site "Malaga"]
[Date "2010.02.24"]
[Round "6.35"]
[White "Cardoso Garcia, Sergio"]
[Black "Girela Sarrion, Manuel"]
[Result "1-0"]
[WhiteElo "2125"]
[BlackElo "1571"]
[PlyCount "49"]
[EventDate "2010.02.20"]

1. c4 Nf6 2. Nc3 g6 3. g3 Bg7 4. Bg2 d6 5. d3 O-O 6. e4 e5 7. Nge2 Nc6 8. a3
Ne8 9. O-O f5 10. f4 exf4 11. Bxf4 fxe4 12. Bxe4 Ne5 13. Qd2 Bh3 14. Bg2 Bf5
15. d4 Nc6 16. Rae1 Qd7 17. Bh6 Bxh6 18. Qxh6 Nf6 19. Qd2 Rae8 20. Nf4 Na5 21.
Rxe8 Rxe8 22. Ncd5 Nxc4 23. Nxf6+ Kg7 24. Nxe8+ Qxe8 25. Qe2 1-0

[Event "Malaga op-13"]
[Site "Malaga"]
[Date "2010.02.24"]
[Round "6.36"]
[White "Medina Menendez, Eduardo Matias"]
[Black "Antunez Munoz, Juan Jesus"]
[Result "1-0"]
[WhiteElo "2109"]
[BlackElo "1753"]
[PlyCount "119"]
[EventDate "2010.02.20"]

1. e4 c5 2. Nf3 Nc6 3. d4 cxd4 4. Nxd4 g6 5. c4 Nf6 6. Nc3 Nxd4 7. Qxd4 d6 8.
Be2 Bg7 9. Be3 O-O 10. Qd2 Be6 11. O-O a6 12. Rfc1 Rb8 13. f3 Qd7 14. a4 Rfc8
15. b3 b6 16. Ra2 Qb7 17. Bd4 Nd7 18. Rb2 Qc7 19. b4 a5 20. Nb5 Qd8 21. f4 axb4
22. f5 gxf5 23. Bxg7 Kxg7 24. Qg5+ Kh8 25. exf5 f6 26. Qf4 Bf7 27. Rxb4 Ne5 28.
Rcb1 Nc6 29. R4b2 Ne5 30. Na3 Qc7 31. Rb4 Qc5+ 32. Qf2 Qxf2+ 33. Kxf2 Rc5 34.
g4 Kg7 35. Ke3 d5 36. Rb5 Nc6 37. Rxc5 d4+ 38. Kd3 bxc5 39. Rxb8 Nxb8 40. Bf3
Nd7 41. a5 Ne5+ 42. Ke2 d3+ 43. Ke3 Nxc4+ 44. Nxc4 Bxc4 45. Bb7 Bb5 46. a6 c4
47. Kd2 Bxa6 48. Bxa6 h5 49. Bxc4 hxg4 50. Kxd3 Kh6 51. Ke4 Kg5 52. Be2 Kh6 53.
Bxg4 Kg7 54. Kd5 Kf7 55. Bh5+ Kg7 56. Ke6 Kf8 57. Bf7 Kg7 58. Kxe7 Kh7 59. Kxf6
Kh8 60. Bh5 1-0

[Event "Malaga op-13"]
[Site "Malaga"]
[Date "2010.02.24"]
[Round "6.37"]
[White "Jimenez Ruiz, Jose Carlos"]
[Black "Rodriguez Fenoy, Inmaculada"]
[Result "1-0"]
[WhiteElo "1979"]
[BlackElo "1688"]
[PlyCount "59"]
[EventDate "2010.02.20"]

1. c4 f5 2. g3 Nf6 3. Bg2 g6 4. Nc3 Bg7 5. Nf3 O-O 6. O-O d6 7. d4 Nbd7 8. Ng5
Nb6 9. c5 h6 10. Qb3+ d5 11. cxb6 hxg5 12. bxc7 Qxc7 13. Bxd5+ Kh8 14. Bg2 f4
15. e3 Nh5 16. Nd5 Qd6 17. exf4 e6 18. Nc3 gxf4 19. Bxf4 Nxf4 20. gxf4 Qxf4 21.
Ne2 Qg4 22. Qe3 Rb8 23. h3 Qh4 24. Qg3 Qxg3 25. fxg3 b6 26. Rxf8+ Bxf8 27. Rc1
Bd6 28. Rc6 Bf8 29. Rc7 a6 30. Nf4 1-0

[Event "Malaga op-13"]
[Site "Malaga"]
[Date "2010.02.24"]
[Round "6.39"]
[White "Perez Guerra, Alberto"]
[Black "Navia Martin, Sergio"]
[Result "0-1"]
[WhiteElo "1670"]
[BlackElo "1953"]
[PlyCount "89"]
[EventDate "2010.02.20"]

1. e4 c5 2. Nf3 d6 3. d4 cxd4 4. Nxd4 Nf6 5. Nc3 a6 6. Be2 e5 7. Nb3 Be7 8. Bg5
Be6 9. Nd2 Nbd7 10. Nc4 Nb6 11. Ne3 Rc8 12. O-O h6 13. Bxf6 Bxf6 14. Bg4 Qd7
15. Qe2 Bxg4 16. Nxg4 Bg5 17. Rad1 Qc6 18. g3 O-O 19. f4 exf4 20. gxf4 {=} Bd8
21. Qg2 Kh8 22. Qh3 Kh7 23. f5 Bg5 24. f6 g6 25. Qg3 h5 26. h4 Bh6 27. Nxh6
Kxh6 28. Qg5+ Kh7 29. Rf5 Nc4 30. Kh1 Ne5 31. Rg1 Ng4 32. Rf4 Qc5 33. Nd5 Qxc2
34. Rg2 Qb1+ 35. Rg1 Rc1 36. Rfxg4 Rxg1+ 37. Rxg1 Qxe4+ 38. Kh2 Rc8 39. Kh3 Rc5
40. Nc3 Qe6+ 41. Kh2 Rxg5 42. Rxg5 Qe1 43. Kh3 Qh1+ 44. Kg3 {=} b5 45. Rd5 0-1

[Event "Malaga op-13"]
[Site "Malaga"]
[Date "2010.02.24"]
[Round "6.40"]
[White "Fournier, Manuel"]
[Black "Anillo Fernandez, Isabel Maria"]
[Result "1-0"]
[WhiteElo "1935"]
[BlackElo "1453"]
[PlyCount "87"]
[EventDate "2010.02.20"]

1. e4 c5 2. Nf3 Nc6 3. d4 cxd4 4. Nxd4 Nf6 5. Nc3 e5 6. Ndb5 d6 7. Bg5 a6 8.
Na3 b5 9. Nd5 Be7 10. Bxf6 Bxf6 11. Be2 Bb7 12. c3 Bg5 13. O-O Ne7 14. Nxe7
Bxe7 15. Bf3 O-O 16. Nc2 Qc7 17. Ne3 Rad8 18. Nd5 Bxd5 19. Qxd5 Qd7 20. Rfd1
Kh8 21. g4 g6 22. Qd3 Rb8 23. Qd5 f5 24. Qxe5+ dxe5 25. Rxd7 Bh4 26. Rf1 fxe4
27. Bxe4 Rf4 28. f3 Rff8 29. Rfd1 Bg5 30. Kf2 Rbd8 31. Rxd8 Rxd8 32. Rxd8+ Bxd8
33. Bb7 a5 34. Ke3 Kg7 35. Ke4 Kf6 36. Kd5 h5 37. gxh5 gxh5 38. Ba6 b4 39. c4
Kf5 40. Kd6 Kf4 41. Bb7 a4 42. b3 axb3 43. axb3 Ke3 44. c5 1-0

[Event "Malaga op-13"]
[Site "Malaga"]
[Date "2010.02.24"]
[Round "6.42"]
[White "Barroso Campos, Manuel"]
[Black "Canamero Corredera, Jose Antoni"]
[Result "1/2-1/2"]
[WhiteElo "1910"]
[BlackElo "1662"]
[PlyCount "122"]
[EventDate "2010.02.20"]

1. e4 c5 2. Nf3 Nc6 3. d4 cxd4 4. Nxd4 g6 5. Nc3 Bg7 6. Be3 Nf6 7. Bc4 Qa5 8.
O-O O-O 9. Nb3 Qb4 10. Bd3 b6 11. f4 e6 12. Qf3 Bb7 13. a3 Qe7 14. Rad1 Rad8
15. e5 Ne8 16. Ne4 d5 17. Ng5 d4 18. Be4 Nxe5 19. fxe5 Bxe4 20. Qxe4 dxe3 21.
Qxe3 Rxd1 22. Rxd1 Bh6 23. h4 f6 24. exf6 Qxf6 25. Qxe6+ Kh8 26. Qxf6+ Nxf6 27.
Nf3 Be3+ 28. Kf1 Ng4 29. Rd7 Ne5 30. Rxa7 Nxf3 31. gxf3 Rxf3+ 32. Ke2 Rh3 33.
Ra4 Bh6 34. Re4 Kg8 35. Nd4 Bg7 36. a4 Bf6 37. Nf3 Bxb2 38. Re6 Kg7 39. Rxb6
Bf6 40. Rb4 Bc3 41. Rc4 Ba5 42. Kf2 Rh1 43. Kg2 Ra1 44. Ng5 h6 45. Ne6+ Kf6 46.
Nd4 Rd1 47. Nf3 Rd5 48. Rc6+ Kf5 49. Rc4 g5 50. hxg5 hxg5 51. Nd4+ Kg4 52. Nc6+
Kh5 53. Nxa5 Rxa5 54. Kg3 Re5 55. Rc3 Ra5 56. Ra3 g4 57. c4 Rc5 58. a5 Rxc4 59.
a6 Rc8 60. Ra5+ Kg6 61. Kxg4 Kf6 1/2-1/2

[Event "Malaga op-13"]
[Site "Malaga"]
[Date "2010.02.24"]
[Round "6.46"]
[White "Molina Mataran, Manuel"]
[Black "Zinoun, Said"]
[Result "1-0"]
[WhiteElo "1962"]
[BlackElo "1627"]
[PlyCount "49"]
[EventDate "2010.02.20"]

1. e4 e6 2. d4 d5 3. exd5 exd5 4. c4 c6 5. cxd5 cxd5 6. Nf3 Nf6 7. Bb5+ Bd7 8.
Bxd7+ Nbxd7 9. O-O Be7 10. Nc3 O-O 11. Bg5 Nb6 12. Rc1 a6 13. Qb3 h6 14. Bh4
Kh8 15. Rfe1 Re8 16. Bxf6 gxf6 17. Nh4 Nc4 18. Nf5 Nd2 19. Qd1 Ne4 20. Nxe4
dxe4 21. Qh5 Bf8 22. Nxh6 Bxh6 23. Qxh6+ Kg8 24. Re3 Qd5 25. Rh3 1-0

[Event "Malaga op-13"]
[Site "Malaga"]
[Date "2010.02.25"]
[Round "7.1"]
[White "Carlsson, Pontus"]
[Black "Ortiz Suarez, Isan Reynaldo"]
[Result "1-0"]
[WhiteElo "2476"]
[BlackElo "2527"]
[PlyCount "107"]
[EventDate "2010.02.20"]

1. e4 c5 2. Nf3 d6 3. d4 cxd4 4. Nxd4 Nf6 5. Nc3 a6 6. Bg5 Nbd7 7. Bc4 Qa5 8.
Qd2 e6 9. O-O b5 10. Bxf6 Nxf6 11. Bb3 b4 {#} 12. Nd5 exd5 13. exd5 Bb7 14. a3
Be7 15. Rfe1 Kf8 16. Nf5 Ng8 17. axb4 Qc7 18. c4 Rd8 19. Rad1 Bc8 20. Nd4 Bd7
21. Ra1 Qb6 22. Ba4 Bf6 23. Nb3 Ne7 24. c5 dxc5 25. bxc5 Qb8 26. Bxd7 Rxd7 27.
d6 Nc8 28. Qe3 Nxd6 29. cxd6 Rxd6 30. Qc5 Be7 31. Rxa6 Re6 32. Raxe6 Bxc5 33.
Nxc5 fxe6 34. Nd7+ Ke7 35. Nxb8 Rxb8 36. Re2 Rb4 37. f3 Kf6 38. Kf2 e5 39. Ke1
h5 40. Kd1 Kf5 41. Kc2 Rh4 42. Kc3 g5 43. h3 g4 44. hxg4+ hxg4 45. fxg4+ Rxg4
46. b4 Ke6 47. Rb2 e4 48. b5 e3 49. Re2 Kd5 50. Rb2 Ke4 51. b6 Rg3 52. b7 e2+
53. Kd2 Re3 54. Ke1 1-0

[Event "Malaga op-13"]
[Site "Malaga"]
[Date "2010.02.25"]
[Round "7.2"]
[White "Berbatov, Kiprian"]
[Black "Matamoros Franco, Carlos S"]
[Result "0-1"]
[WhiteElo "2455"]
[BlackElo "2545"]
[PlyCount "90"]
[EventDate "2010.02.20"]

1. e4 e5 2. Nf3 Nc6 3. Bb5 Nf6 4. O-O Nxe4 5. d4 Nd6 6. dxe5 Nxb5 7. a4 d6 8.
e6 Bxe6 9. axb5 Ne5 10. Nd4 Be7 11. f4 Bg4 12. Qe1 c5 13. fxe5 cxd4 14. Qg3 Qd7
15. h3 Be6 16. Qxg7 O-O-O 17. exd6 Bxd6 18. Bf4 Bxf4 19. Rxf4 Qd5 20. c4 Qxc4
21. Rxa7 Qc1+ 22. Rf1 Qe3+ 23. Kh1 Kb8 24. Ra3 d3 25. Qf6 Rhg8 26. Qf2 Qxf2 27.
Rxf2 Rg5 28. Rd2 Rxb5 29. Nc3 Re5 30. Ra1 Bb3 31. Rf1 f5 32. Rf4 Bc2 33. Kh2
Rde8 34. Rd4 Re2 35. R4xd3 Bxd3 36. Rxd3 Rxb2 37. Nd1 Rbe2 38. Rf3 R8e5 39. Nf2
b5 40. Rf4 Rd5 41. Kg3 Kb7 42. Kf3 Re6 43. g4 fxg4+ 44. hxg4 Kb6 45. Ne4 Rd3+
0-1